|
|
|
|
| LEADER |
00000cam a22000004a 4500 |
| 001 |
musev2_12918 |
| 003 |
MdBmJHUP |
| 005 |
20230905041430.0 |
| 006 |
m o d |
| 007 |
cr||||||||nn|n |
| 008 |
990413s1999 wau o 00 0 eng d |
| 010 |
|
|
|z 99027118
|
| 020 |
|
|
|a 9780295801377
|
| 020 |
|
|
|z 9780295978383
|
| 035 |
|
|
|a (OCoLC)774404026
|
| 040 |
|
|
|a MdBmJHUP
|c MdBmJHUP
|
| 043 |
|
|
|a n-usp--
|
| 050 |
0 |
4 |
|a G155.N75
|b N66 1999
|
| 082 |
0 |
|
|a 333.7/13/09795
|2 21
|
| 245 |
0 |
0 |
|a Northwest Lands, Northwest Peoples :
|b Readings in Environmental History /
|c edited by Dale D. Goble and Paul W. Hirt.
|
| 264 |
|
1 |
|a Seattle, Wash., :
|b University of Washington Press,
|c 1999.
|
| 264 |
|
3 |
|a Baltimore, Md. :
|b Project MUSE,
|c 2012
|
| 264 |
|
4 |
|c ©1999.
|
| 300 |
|
|
|a 1 online resource (560 pages):
|b ill. ;
|
| 336 |
|
|
|a text
|b txt
|2 rdacontent
|
| 337 |
|
|
|a computer
|b c
|2 rdamedia
|
| 338 |
|
|
|a online resource
|b cr
|2 rdacarrier
|
| 504 |
|
|
|a Includes bibliographical references and index.
|
| 588 |
|
|
|a Description based on print version record.
|
| 651 |
|
0 |
|a Northwest, Pacific
|x Environmental conditions.
|
| 650 |
|
0 |
|a Human ecology
|z Northwest, Pacific.
|
| 655 |
|
7 |
|a Electronic books.
|2 local
|
| 700 |
1 |
|
|a Hirt, Paul W.,
|d 1954-
|
| 700 |
1 |
|
|a Goble, Dale.
|
| 710 |
2 |
|
|a Project Muse.
|e distributor
|
| 830 |
|
0 |
|a Book collections on Project MUSE.
|
| 856 |
4 |
0 |
|z Texto completo
|u https://projectmuse.uam.elogim.com/book/12918/
|
| 945 |
|
|
|a Project MUSE - Custom Collection
|
| 945 |
|
|
|a Project MUSE - Archive Complete Foundation
|
| 945 |
|
|
|a Project MUSE - Archive US Regional Studies, West Foundation
|